000 00765nab a2200229 4500
003 BR-BrBNA
005 20240523123037.0
008 240523b bl.||||| |||| 00| 0 por d
040 _aBR-BrBNA
_bpor
072 _aF06
100 _aLuchiari, Danilo José Fanelli
245 _aIrrigação e quimigação em citros
_bIrrigação
500 _a5 illus.
650 _aCITRICULTURA
650 _aIRRIGAÇÃO
650 _aPRODUTO QUÍMICO
650 _aDEFENSIVO
650 _aMÉTODO DE APLICAÇÃO
773 0 _04769
_9314630
_dBebedouro - SP Grupo Técnico de Assistência e Consultoria em Citrus 2001
_o2024-0882
_tCiência e Pratica (Brazil)
_gv. 6(23) p. 7-8; (Oct-Dec 2006)
_wBR2024001209
942 _cAnalítica
999 _c299742
_d299742